Canada Provinces & Territories - Sudden Death - Statistics

General Stats
  • This quiz has been taken 41 times
  • The average score is 11 of 13
Answers on the Grid
Answers color-coded by a green-red scale on the quiz's grid according to % correct below.
Montreal
British Columbia
Newfoundland and Labrador
Calgary
Prince Edward Island
Tuktoyaktuk
Alberta
New Brunswick
Waterloo
Quebec
Province of Niagara
Ontario
Northwest Territories
Yukon
Nova Scotia
Banff
Manitoba
New French Territory
Nunavut
Saskatchewan
 
Answer Stats
Answer % Correct
Newfoundland and Labrador
93%
Quebec
93%
Alberta
89%
Ontario
89%
British Columbia
85%
Northwest Territories
85%
Nova Scotia
85%
Prince Edward Island
81%
Manitoba
78%
Saskatchewan
78%
Yukon
78%
New Brunswick
74%
Nunavut
70%
No matching quizzes found
Score Distribution
Percent of People with Each Score
Percentile by Number Answered
Your Score History
You have not taken this quiz